<?xml version="1.0" encoding="UTF-8"?>
<collection xmlns="http://www.loc.gov/MARC21/slim">
 <record>
  <leader>01056nam a22001811  4500</leader>
  <controlfield tag="001">1/14747</controlfield>
  <controlfield tag="008">990628s1979    gr       1      1   gre  </controlfield>
  <datafield tag="035" ind1=" " ind2=" ">
   <subfield code="l">15236</subfield>
  </datafield>
  <datafield tag="040" ind1=" " ind2=" ">
   <subfield code="a">GR-PeUP</subfield>
  </datafield>
  <datafield tag="090" ind1=" " ind2=" ">
   <subfield code="a">341.522 ΔΗ</subfield>
  </datafield>
  <datafield tag="100" ind1="1" ind2=" ">
   <subfield code="a">Δημητρίου, Φιλόλαος Δημ.</subfield>
  </datafield>
  <datafield tag="245" ind1="1" ind2="3">
   <subfield code="a">Το δίκαιο της διαιτησίας εν Αγγλία :</subfield>
   <subfield code="b">μετά προλόγου υπό του καθηγητού κ. Φωκίωνος Ποταμιάνου, εισαγωγή, ιστορική εξέλιξις, ανάλυσις, νομολογία, κείμενον /</subfield>
   <subfield code="c">Φιλολάου Δημ. Δημητρίου</subfield>
  </datafield>
  <datafield tag="260" ind1=" " ind2=" ">
   <subfield code="a">Αθήναι :</subfield>
   <subfield code="b">Ναυτικό Επιμελητήριο Ελλάδος ,</subfield>
   <subfield code="c">1979</subfield>
  </datafield>
  <datafield tag="300" ind1=" " ind2=" ">
   <subfield code="a">379 σ. ;</subfield>
   <subfield code="c">24 εκ.</subfield>
  </datafield>
  <datafield tag="500" ind1=" " ind2=" ">
   <subfield code="a">Περιέχει ευρετήριο</subfield>
  </datafield>
  <datafield tag="504" ind1=" " ind2=" ">
   <subfield code="a">Περιέχει βιβλιογραφία</subfield>
  </datafield>
  <datafield tag="650" ind1=" " ind2="4">
   <subfield code="a">Διαιτησία (Διοικητικό Δίκαιο)</subfield>
   <subfield code="x">Αγγλία.</subfield>
  </datafield>
  <datafield tag="852" ind1=" " ind2=" ">
   <subfield code="a">INST</subfield>
   <subfield code="b">UNIPILB</subfield>
   <subfield code="c">MAIN</subfield>
   <subfield code="e">20040709</subfield>
   <subfield code="h">341.522 ΔΗ</subfield>
   <subfield code="p">00130832</subfield>
   <subfield code="q">00130832</subfield>
   <subfield code="t">LOAN</subfield>
   <subfield code="y">0</subfield>
   <subfield code="4">1</subfield>
  </datafield>
 </record>
</collection>
